| 000 | 00643nam a22002057a 4500 | ||
|---|---|---|---|
| 005 | 20251108165020.0 | ||
| 008 | 250721s1984 xx 000 0 ara d | ||
| 082 | 1 | 4 | _a926.1/عبد |
| 100 | 1 | _aالديب، عبد العظيم | |
| 245 | 1 | 0 | _aأبو القاسم الزهراوي أول طبيب جراح في العالم / |
| 250 | _aط2. | ||
| 264 | 1 |
_aالكويت : _bدار القلم، _c1984. |
|
| 300 | _a134ص | ||
| 490 | 0 | _aمن تاريخ العلوم عند المسلمين | |
| 650 | 1 | 7 | _aالأطباء |
| 650 | 1 | 7 | _aالتراجم |
| 700 | 1 |
_aالملط، أحمد _eتقديم |
|
| 942 |
_2ddc _cBK |
||
| 999 |
_c19953 _d19953 |
||